[Event "Tournoi International du Pays de Charleroi 2018"]
[Site "Roux, Belgium"]
[Date "2018.07.31"]
[Round "5.18"]
[White "Klinova, Masha"]
[Black "Mueller, Martin"]
[Result "1-0"]
[WhiteTitle "WGM"]
[WhiteElo "2298"]
[BlackElo "2078"]

1. e4 {[%clk 01:30:58]} c6 {[%clk 01:30:51]} {[%emt 00:00:09]} 2. d4 {[%clk
01:31:22]} {[%emt 00:00:07]} d5 {[%clk 01:31:16]} {[%emt 00:00:05]} 3. Nc3
{[%clk 01:31:49]} {[%emt 00:00:03]} dxe4 {[%clk 01:31:38]} {[%emt 00:00:08]} 4.
Nxe4 {[%clk 01:32:16]} {[%emt 00:00:03]} Bf5 {[%clk 01:31:57]} {[%emt
00:00:11]} 5. Ng3 {[%clk 01:32:40]} {[%emt 00:00:05]} Bg6 {[%clk 01:32:23]}
{[%emt 00:00:04]} 6. h4 {[%clk 01:33:06]} {[%emt 00:00:04]} h6 {[%clk
01:32:47]} {[%emt 00:00:07]} 7. Nf3 {[%clk 01:33:34]} {[%emt 00:00:02]} Nd7
{[%clk 01:32:25]} {[%emt 00:00:52]} 8. h5 {[%clk 01:33:54]} {[%emt 00:00:10]}
Bh7 {[%clk 01:32:51]} {[%emt 00:00:04]} 9. Bd3 {[%clk 01:34:21]} {[%emt
00:00:03]} Bxd3 {[%clk 01:33:14]} {[%emt 00:00:06]} 10. Qxd3 {[%clk 01:34:48]}
{[%emt 00:00:04]} e6 {[%clk 01:33:39]} {[%emt 00:00:05]} 11. Bd2 {[%clk
01:35:06]} {[%emt 00:00:11]} Ngf6 {[%clk 01:33:55]} {[%emt 00:00:15]} 12. O-O-O
{[%clk 01:35:30]} {[%emt 00:00:06]} Be7 {[%clk 01:34:20]} {[%emt 00:00:05]} 13.
Kb1 {[%clk 01:35:53]} {[%emt 00:00:06]} Rc8 {[%clk 01:34:44]} {[%emt 00:00:07]}
14. Ne4 {[%clk 01:34:20]} {[%emt 00:02:03]} c5 {[%clk 01:34:36]} {[%emt
00:00:38]} 15. g4 {[%clk 01:18:44]} {[%emt 00:16:07]} Qb6 {[%clk 01:23:45]}
{[%emt 00:11:20]} 16. dxc5 {[%clk 00:58:16]} {[%emt 00:20:57]} Nxc5 {[%clk
01:22:46]} {[%emt 00:01:30]} 17. Nxc5 {[%clk 00:58:32]} {[%emt 00:00:13]} Bxc5
{[%clk 01:22:31]} {[%emt 00:00:46]} 18. g5 {[%clk 00:38:32]} {[%emt 00:20:30]}
Rd8 {[%clk 00:55:36]} {[%emt 00:27:25]} 19. Qc4 {[%clk 00:30:40]} {[%emt
00:08:22]} hxg5 {[%clk 00:46:58]} {[%emt 00:09:08]} 20. Bxg5 {[%clk 00:27:25]}
{[%emt 00:03:45]} Rxd1+ {[%clk 00:40:56]} {[%emt 00:06:31]} 21. Rxd1 {[%clk
00:27:50]} {[%emt 00:00:05]} Rxh5 {[%clk 00:41:15]} {[%emt 00:00:12]} 22. Qf4
{[%clk 00:26:43]} {[%emt 00:01:37]} Ke7 {[%clk 00:29:23]} {[%emt 00:12:21]} 23.
Qd2 {[%clk 00:20:42]} {[%emt 00:06:30]} Qc7 {[%clk 00:27:06]} {[%emt 00:02:48]}
24. c4 {[%clk 00:15:49]} {[%emt 00:05:24]} a5 {[%clk 00:20:15]} {[%emt
00:07:21]} 25. a3 {[%clk 00:10:02]} {[%emt 00:06:17]} a4 {[%clk 00:13:44]}
{[%emt 00:07:01]} 26. Ne5 {[%clk 00:08:43]} {[%emt 00:01:49]} Rh8 {[%clk
00:09:50]} {[%emt 00:04:23]} 27. f4 {[%clk 00:06:48]} {[%emt 00:02:26]} Ra8
{[%clk 00:07:37]} {[%emt 00:02:42]} 28. Qd7+ {[%clk 00:04:50]} {[%emt
00:02:28]} Qxd7 {[%clk 00:07:59]} {[%emt 00:00:09]} 29. Rxd7+ {[%clk 00:05:18]}
{[%emt 00:00:02]} Ke8 {[%clk 00:07:59]} {[%emt 00:00:28]} 30. Rxf7 {[%clk
00:04:54]} {[%emt 00:00:55]} Bf8 {[%clk 00:01:47]} {[%emt 00:06:43]} 31. Rxb7
{[%clk 00:04:57]} {[%emt 00:00:27]} Ne4 {[%clk 00:01:41]} {[%emt 00:00:37]} 32.
Bh4 {[%clk 00:03:55]} {[%emt 00:01:30]} Rc8 {[%clk 00:00:47]} {[%emt 00:01:25]}
33. Ra7 {[%clk 00:02:24]} {[%emt 00:02:00]} Nd2+ {[%clk 00:01:02]} {[%emt
00:00:16]} 34. Ka2 {[%clk 00:02:22]} {[%emt 00:00:32]} Nxc4 {[%clk 00:01:23]}
{[%emt 00:00:09]} 35. Rxa4 {[%clk 00:02:32]} {[%emt 00:00:19]} Nxe5 {[%clk
00:01:38]} {[%emt 00:00:15]} 36. fxe5 {[%clk 00:02:57]} {[%emt 00:00:05]} Rc5
{[%clk 00:01:46]} {[%emt 00:00:23]} 37. Bg3 {[%clk 00:02:26]} {[%emt 00:01:00]}
Rc2 {[%clk 00:01:57]} {[%emt 00:00:19]} 38. Re4 {[%clk 00:01:32]} {[%emt
00:01:24]} Rg2 {[%clk 00:02:21]} {[%emt 00:00:07]} 39. Be1 {[%clk 00:01:47]}
{[%emt 00:00:15]} Kd7 {[%clk 00:02:17]} {[%emt 00:00:33]} 40. Kb3 {[%clk
00:02:06]} {[%emt 00:00:11]} g5 {[%clk 00:01:49]} {[%emt 00:00:59]} 41. a4
{[%clk 00:01:51]} {[%emt 00:00:45]} Kc6 {[%clk 00:01:53]} {[%emt 00:00:26]} 42.
Bc3 {[%clk 00:01:27]} {[%emt 00:00:53]} Rh2 {[%clk 00:23:23]} {[%emt 00:09:00]}
43. Rc4+ {[%clk 00:28:40]} {[%emt 00:03:18]} Kb6 {[%clk 00:22:50]} {[%emt
00:01:02]} 44. Rc8 {[%clk 00:28:30]} {[%emt 00:00:40]} Bc5 {[%clk 00:22:26]}
{[%emt 00:00:45]} 45. Rg8 {[%clk 00:27:22]} {[%emt 00:01:47]} Kc6 {[%clk
00:18:57]} {[%emt 00:04:00]} 46. Rxg5 {[%clk 00:26:37]} {[%emt 00:01:14]} Kd5
{[%clk 00:19:22]} {[%emt 00:00:06]} 47. Rg8 {[%clk 00:26:44]} {[%emt 00:00:21]}
Rh1 {[%clk 00:19:32]} {[%emt 00:00:20]} 48. Rd8+ {[%clk 00:24:12]} {[%emt
00:03:02]} Kc6 {[%clk 00:19:46]} {[%emt 00:00:17]} 49. Rd3 {[%clk 00:23:46]}
{[%emt 00:00:56]} Rh4 {[%clk 00:20:04]} {[%emt 00:00:12]} 50. Rd8 {[%clk
00:20:21]} {[%emt 00:03:55]} Re4 {[%clk 00:19:24]} {[%emt 00:01:10]} 51. Rc8+
{[%clk 00:19:04]} {[%emt 00:01:47]} Kb6 {[%clk 00:19:48]} {[%emt 00:00:06]} 52.
Re8 {[%clk 00:19:22]} {[%emt 00:00:11]} 1-0

[Event "Tournoi International du Pays de Charleroi 2018"]
[Site "Roux, Belgium"]
[Date "2018.07.31"]
[Round "5.16"]
[White "De Villers, Mourad"]
[Black "Van Mechelen, Jan"]
[Result "1/2-1/2"]
[BlackTitle "FM"]
[WhiteElo "2117"]
[BlackElo "2217"]

1. c4 {[%clk 01:30:47]} {[%emt 00:00:12]} g6 {[%clk 01:30:37]} {[%emt
00:00:23]} 2. g3 {[%clk 01:31:05]} {[%emt 00:00:12]} Bg7 {[%clk 01:31:00]}
{[%emt 00:00:07]} 3. Bg2 {[%clk 01:31:01]} {[%emt 00:00:33]} Nf6 {[%clk
01:31:12]} {[%emt 00:00:19]} 4. Nc3 {[%clk 01:31:17]} {[%emt 00:00:13]} d6
{[%clk 01:31:25]} {[%emt 00:00:18]} 5. Nf3 {[%clk 01:30:45]} {[%emt 00:01:03]}
e5 {[%clk 01:31:34]} {[%emt 00:00:20]} 6. d3 {[%clk 01:30:48]} {[%emt
00:00:27]} h6 {[%clk 01:31:43]} {[%emt 00:00:21]} 7. O-O {[%clk 01:29:56]}
{[%emt 00:01:21]} O-O {[%clk 01:31:58]} {[%emt 00:00:17]} 8. Rb1 {[%clk
01:28:32]} {[%emt 00:01:49]} a5 {[%clk 01:32:06]} {[%emt 00:00:26]} 9. a3
{[%clk 01:28:53]} {[%emt 00:00:10]} Re8 {[%clk 01:31:58]} {[%emt 00:00:37]} 10.
Nd2 {[%clk 01:26:30]} {[%emt 00:02:54]} c6 {[%clk 01:32:08]} {[%emt 00:00:19]}
11. b4 {[%clk 01:25:23]} {[%emt 00:01:37]} axb4 {[%clk 01:32:17]} {[%emt
00:00:21]} 12. axb4 {[%clk 01:25:48]} {[%emt 00:00:05]} d5 {[%clk 01:32:28]}
{[%emt 00:00:19]} 13. b5 {[%clk 01:22:52]} {[%emt 00:03:27]} Be6 {[%clk
01:31:59]} {[%emt 00:00:57]} 14. Qc2 {[%clk 01:22:04]} {[%emt 00:01:19]} Nbd7
{[%clk 01:24:23]} {[%emt 00:08:06]} 15. Rd1 {[%clk 01:09:15]} {[%emt 00:13:18]}
Qc7 {[%clk 01:17:04]} {[%emt 00:07:49]} 16. Bb2 {[%clk 00:44:27]} {[%emt
00:25:18]} d4 {[%clk 00:45:32]} {[%emt 00:32:02]} 17. bxc6 {[%clk 00:42:04]}
{[%emt 00:02:54]} bxc6 {[%clk 00:45:42]} {[%emt 00:00:20]} 18. Nce4 {[%clk
00:41:39]} {[%emt 00:00:55]} Nxe4 {[%clk 00:44:37]} {[%emt 00:01:34]} 19. Bxe4
{[%clk 00:41:10]} {[%emt 00:00:59]} Nc5 {[%clk 00:41:56]} {[%emt 00:03:11]} 20.
Bg2 {[%clk 00:38:19]} {[%emt 00:03:22]} Ra6 {[%clk 00:38:44]} {[%emt 00:03:41]}
1/2-1/2

[Event "Tournoi International du Pays de Charleroi 2018"]
[Site "Roux, Belgium"]
[Date "2018.07.31"]
[Round "5.30"]
[White "Uhoda, Philippe"]
[Black "Nair, Sanjeev"]
[Result "0-1"]
[WhiteElo "2068"]
[BlackElo "1942"]

1. d4 {[%clk 01:30:57]} {[%emt 00:00:02]} Nf6 {[%clk 01:27:41]} {[%emt
00:03:19]} 2. c4 {[%clk 01:28:49]} {[%emt 00:02:38]} e5 {[%clk 01:27:53]}
{[%emt 00:00:19]} 3. dxe5 {[%clk 01:28:55]} {[%emt 00:00:24]} Ng4 {[%clk
01:28:18]} {[%emt 00:00:05]} 4. Bf4 {[%clk 01:29:01]} {[%emt 00:00:23]} g5
{[%clk 01:28:36]} {[%emt 00:00:12]} 5. Bg3 {[%clk 01:29:10]} {[%emt 00:00:20]}
Bg7 {[%clk 01:28:46]} {[%emt 00:00:21]} 6. Nf3 {[%clk 01:28:37]} {[%emt
00:01:03]} Nc6 {[%clk 01:29:07]} {[%emt 00:00:10]} 7. Nc3 {[%clk 01:27:52]}
{[%emt 00:01:14]} Ngxe5 {[%clk 01:28:45]} {[%emt 00:00:53]} 8. Nxe5 {[%clk
01:28:01]} {[%emt 00:00:21]} Nxe5 {[%clk 01:29:05]} {[%emt 00:00:10]} 9. e3
{[%clk 01:28:20]} {[%emt 00:00:11]} d6 {[%clk 01:29:16]} {[%emt 00:00:19]} 10.
c5 {[%clk 01:27:37]} {[%emt 00:01:13]} O-O {[%clk 01:20:02]} {[%emt 00:09:44]}
11. cxd6 {[%clk 01:26:58]} {[%emt 00:01:08]} cxd6 {[%clk 01:20:21]} {[%emt
00:00:11]} 12. Be2 {[%clk 01:26:48]} {[%emt 00:00:41]} f5 {[%clk 01:12:28]}
{[%emt 00:08:23]} 13. f4 {[%clk 01:09:38]} {[%emt 00:17:39]} Ng6 {[%clk
00:53:43]} {[%emt 00:19:15]} 14. Qd5+ {[%clk 00:50:10]} {[%emt 00:19:59]} Kh8
{[%clk 00:53:09]} {[%emt 00:01:04]} 15. O-O-O {[%clk 00:46:25]} {[%emt
00:04:14]} Qe8 {[%clk 00:48:19]} {[%emt 00:05:21]} 16. Qxd6 {[%clk 00:42:33]}
{[%emt 00:04:21]} Qxe3+ {[%clk 00:39:26]} {[%emt 00:09:23]} 17. Rd2 {[%clk
00:27:29]} {[%emt 00:15:35]} gxf4 {[%clk 00:34:54]} {[%emt 00:05:02]} 18. Nd5
{[%clk 00:27:50]} {[%emt 00:00:08]} Bxb2+ {[%clk 00:24:03]} {[%emt 00:11:21]}
19. Kd1 {[%clk 00:28:14]} {[%emt 00:00:07]} Qa3 {[%clk 00:24:24]} {[%emt
00:00:08]} 20. Nxf4 {[%clk 00:24:20]} {[%emt 00:04:24]} Qxd6 {[%clk 00:08:25]}
{[%emt 00:16:29]} 21. Rxd6 {[%clk 00:24:37]} {[%emt 00:00:13]} Nxf4 {[%clk
00:08:21]} {[%emt 00:00:35]} 22. Bxf4 {[%clk 00:24:59]} {[%emt 00:00:08]} Bf6
{[%clk 00:08:40]} {[%emt 00:00:11]} 23. Kc2 {[%clk 00:23:36]} {[%emt 00:01:52]}
Kg7 {[%clk 00:04:39]} {[%emt 00:04:32]} 24. Rhd1 {[%clk 00:21:27]} {[%emt
00:02:38]} Re8 {[%clk 00:03:39]} {[%emt 00:01:30]} 25. Bc4 {[%clk 00:21:08]}
{[%emt 00:00:48]} Re4 {[%clk 00:03:35]} {[%emt 00:00:35]} 26. Bh6+ {[%clk
00:10:55]} {[%emt 00:10:43]} Kxh6 {[%clk 00:03:54]} {[%emt 00:00:12]} 27. Rxf6
{[%clk 00:11:20]} {[%emt 00:00:05]} Kg5 {[%clk 00:04:15]} {[%emt 00:00:08]} 28.
Rf8 {[%clk 00:10:53]} {[%emt 00:00:57]} Rxc4+ {[%clk 00:04:27]} {[%emt
00:00:19]} 29. Kb2 {[%clk 00:11:17]} {[%emt 00:00:06]} a5 {[%clk 00:03:01]}
{[%emt 00:01:55]} 30. Rdd8 {[%clk 00:10:51]} {[%emt 00:00:56]} a4 {[%clk
00:03:18]} {[%emt 00:00:14]} 31. a3 {[%clk 00:10:38]} {[%emt 00:00:43]} b5
{[%clk 00:03:04]} {[%emt 00:00:44]} 32. g3 {[%clk 00:09:00]} {[%emt 00:02:08]}
Kg4 {[%clk 00:03:08]} {[%emt 00:00:26]} 33. Rg8+ {[%clk 00:07:22]} {[%emt
00:02:07]} Kf3 {[%clk 00:02:59]} {[%emt 00:00:39]} 34. Rd3+ {[%clk 00:07:19]}
{[%emt 00:00:33]} Ke4 {[%clk 00:02:25]} {[%emt 00:01:04]} 35. Rdd8 {[%clk
00:07:42]} {[%emt 00:00:07]} Kf3 {[%clk 00:01:47]} {[%emt 00:01:09]} 36. h4
{[%clk 00:07:59]} {[%emt 00:00:12]} b4 {[%clk 00:01:57]} {[%emt 00:00:20]} 37.
axb4 {[%clk 00:06:07]} {[%emt 00:02:22]} a3+ {[%clk 00:01:53]} {[%emt
00:00:35]} 0-1

[Event "Tournoi International du Pays de Charleroi 2018"]
[Site "Roux, Belgium"]
[Date "2018.07.31"]
[Round "5.6"]
[White "Okhotnik, Vladimir"]
[Black "Van Malder, Dries"]
[Result "0-1"]
[WhiteTitle "GM"]
[WhiteElo "2384"]
[BlackElo "2126"]

1. e4 {[%clk 01:30:55]} {[%emt 00:00:04]} c5 {[%clk 01:30:51]} {[%emt
00:00:10]} 2. Nf3 {[%clk 01:31:17]} {[%emt 00:00:08]} Nc6 {[%clk 01:31:14]}
{[%emt 00:00:07]} 3. c3 {[%clk 01:31:37]} {[%emt 00:00:10]} d5 {[%clk
01:31:39]} {[%emt 00:00:05]} 4. exd5 {[%clk 01:32:00]} {[%emt 00:00:07]} Qxd5
{[%clk 01:32:01]} {[%emt 00:00:07]} 5. d4 {[%clk 01:32:24]} {[%emt 00:00:06]}
Nf6 {[%clk 01:32:21]} {[%emt 00:00:10]} 6. Be2 {[%clk 01:32:22]} {[%emt
00:00:32]} Bg4 {[%clk 01:32:44]} {[%emt 00:00:08]} 7. h3 {[%clk 01:32:25]}
{[%emt 00:00:26]} Bh5 {[%clk 01:33:07]} {[%emt 00:00:07]} 8. c4 {[%clk
01:32:20]} {[%emt 00:00:36]} Qd6 {[%clk 01:20:15]} {[%emt 00:13:22]} 9. d5
{[%clk 01:32:14]} {[%emt 00:00:36]} Bxf3 {[%clk 01:19:11]} {[%emt 00:01:34]} 10.
Bxf3 {[%clk 01:32:38]} {[%emt 00:00:06]} Nd4 {[%clk 01:19:00]} {[%emt
00:00:40]} 11. O-O {[%clk 01:32:57]} {[%emt 00:00:11]} g6 {[%clk 01:17:41]}
{[%emt 00:01:49]} 12. b4 {[%clk 01:29:28]} {[%emt 00:04:00]} b6 {[%clk
01:00:50]} {[%emt 00:17:21]} 13. bxc5 {[%clk 01:20:11]} {[%emt 00:09:47]} bxc5
{[%clk 00:59:36]} {[%emt 00:01:43]} 14. Nc3 {[%clk 01:16:43]} {[%emt 00:03:59]}
Bg7 {[%clk 00:58:15]} {[%emt 00:01:51]} 15. Rb1 {[%clk 01:16:47]} {[%emt
00:00:26]} O-O {[%clk 00:57:00]} {[%emt 00:01:43]} 16. Nb5 {[%clk 01:16:15]}
{[%emt 00:01:03]} Nxb5 {[%clk 00:56:53]} {[%emt 00:00:37]} 17. Rxb5 {[%clk
01:16:32]} {[%emt 00:00:14]} Rfb8 {[%clk 00:51:15]} {[%emt 00:06:07]} 18. Qa4
{[%clk 01:13:06]} {[%emt 00:03:57]} Rxb5 {[%clk 00:47:26]} {[%emt 00:04:18]} 19.
Qxb5 {[%clk 01:10:16]} {[%emt 00:03:21]} Rb8 {[%clk 00:46:50]} {[%emt
00:01:05]} 20. Qa4 {[%clk 01:10:20]} {[%emt 00:00:26]} a6 {[%clk 00:44:31]}
{[%emt 00:02:50]} 21. Ba3 {[%clk 00:58:51]} {[%emt 00:11:59]} Nd7 {[%clk
00:40:08]} {[%emt 00:04:52]} 22. Bg4 {[%clk 00:58:42]} {[%emt 00:00:40]} Ne5
{[%clk 00:39:01]} {[%emt 00:01:37]} 23. Be2 {[%clk 00:53:56]} {[%emt 00:05:16]}
Nd7 {[%clk 00:27:18]} {[%emt 00:12:12]} 24. Qc2 {[%clk 00:49:58]} {[%emt
00:04:28]} Bd4 {[%clk 00:26:15]} {[%emt 00:01:33]} 25. Bc1 {[%clk 00:49:55]}
{[%emt 00:00:34]} Rb6 {[%clk 00:19:48]} {[%emt 00:06:56]} 26. Kh1 {[%clk
00:48:17]} {[%emt 00:02:07]} Qf6 {[%clk 00:13:46]} {[%emt 00:06:33]} 27. Bg4
{[%clk 00:36:05]} {[%emt 00:12:42]} Ne5 {[%clk 00:12:09]} {[%emt 00:02:07]} 28.
Bd1 {[%clk 00:36:06]} {[%emt 00:00:30]} Rb4 {[%clk 00:10:55]} {[%emt 00:01:43]}
29. Be2 {[%clk 00:36:27]} {[%emt 00:00:09]} Qf5 {[%clk 00:09:03]} {[%emt
00:02:23]} 30. Qxf5 {[%clk 00:22:51]} {[%emt 00:14:06]} gxf5 {[%clk 00:09:22]}
{[%emt 00:00:10]} 31. a3 {[%clk 00:22:25]} {[%emt 00:00:57]} Ra4 {[%clk
00:07:12]} {[%emt 00:02:40]} 32. Bg5 {[%clk 00:13:56]} {[%emt 00:08:59]} f6
{[%clk 00:06:36]} {[%emt 00:01:06]} 33. Bc1 {[%clk 00:13:54]} {[%emt 00:00:31]}
Nxc4 {[%clk 00:04:25]} {[%emt 00:02:42]} 34. Bd1 {[%clk 00:13:48]} {[%emt
00:00:36]} Ra5 {[%clk 00:04:37]} {[%emt 00:00:17]} 35. Re1 {[%clk 00:13:17]}
{[%emt 00:01:02]} Kf8 {[%clk 00:02:59]} {[%emt 00:02:37]} 36. Bh5 {[%clk
00:13:42]} {[%emt 00:00:36]} Ne5 {[%clk 00:02:35]} {[%emt 00:00:54]} 37. Bh6+
{[%clk 00:13:39]} {[%emt 00:00:33]} Kg8 {[%clk 00:02:56]} {[%emt 00:00:10]} 38.
f4 {[%clk 00:13:21]} {[%emt 00:00:48]} Nf7 {[%clk 00:02:27]} {[%emt 00:00:58]}
39. Rxe7 {[%clk 00:11:45]} {[%emt 00:02:07]} Nxh6 {[%clk 00:02:25]} {[%emt
00:00:32]} 40. d6 {[%clk 00:11:45]} {[%emt 00:00:30]} c4 {[%clk 00:00:33]}
{[%emt 00:02:21]} 41. d7 {[%clk 00:10:12]} {[%emt 00:02:03]} Bb6 {[%clk
00:27:03]} {[%emt 00:04:00]} 42. Re6 {[%clk 00:37:27]} {[%emt 00:03:15]} Rd5
{[%clk 00:23:53]} {[%emt 00:03:39]} 43. Rxb6 {[%clk 00:37:41]} {[%emt
00:00:18]} Rxd7 {[%clk 00:23:41]} {[%emt 00:00:41]} 44. Rc6 {[%clk 00:37:51]}
{[%emt 00:00:20]} Rd3 {[%clk 00:21:19]} {[%emt 00:02:51]} 45. Rxf6 {[%clk
00:37:44]} {[%emt 00:00:39]} c3 {[%clk 00:21:15]} {[%emt 00:00:34]} 46. Rxa6
{[%clk 00:37:01]} {[%emt 00:01:13]} c2 {[%clk 00:20:13]} {[%emt 00:01:31]} 47.
Kh2 {[%clk 00:37:15]} {[%emt 00:00:17]} c1=Q {[%clk 00:18:28]} {[%emt
00:01:38]} 0-1

[Event "Tournoi International du Pays de Charleroi 2018"]
[Site "Roux, Belgium"]
[Date "2018.07.31"]
[Round "5.29"]
[White "Hafner, Christian"]
[Black "De Weird, Matthias"]
[Result "1/2-1/2"]
[WhiteElo "2072"]
[BlackElo "1962"]

1. c4 {[%clk 01:30:54]} {[%emt 00:00:05]} e5 {[%clk 01:30:54]} {[%emt
00:00:07]} 2. g3 {[%clk 01:31:17]} {[%emt 00:00:06]} g6 {[%clk 01:31:22]}
{[%emt 00:00:04]} 3. Bg2 {[%clk 01:31:39]} {[%emt 00:00:07]} Bg7 {[%clk
01:31:49]} {[%emt 00:00:04]} 4. Nc3 {[%clk 01:31:57]} {[%emt 00:00:12]} f5
{[%clk 01:32:13]} {[%emt 00:00:06]} 5. d3 {[%clk 01:29:29]} {[%emt 00:02:57]}
c6 {[%clk 01:32:20]} {[%emt 00:00:24]} 6. e3 {[%clk 01:28:16]} {[%emt
00:01:42]} Nf6 {[%clk 01:32:18]} {[%emt 00:00:32]} 7. Nge2 {[%clk 01:28:32]}
{[%emt 00:00:14]} O-O {[%clk 01:32:21]} {[%emt 00:00:27]} 8. O-O {[%clk
01:28:21]} {[%emt 00:00:40]} Na6 {[%clk 01:32:35]} {[%emt 00:00:18]} 9. Rb1
{[%clk 01:22:38]} {[%emt 00:06:13]} Kh8 {[%clk 01:32:07]} {[%emt 00:00:57]} 10.
b4 {[%clk 01:21:13]} {[%emt 00:01:55]} d5 {[%clk 01:31:45]} {[%emt 00:00:53]}
11. b5 {[%clk 01:20:14]} {[%emt 00:01:29]} Nc7 {[%clk 01:32:07]} {[%emt
00:00:08]} 12. bxc6 {[%clk 01:18:46]} {[%emt 00:01:58]} bxc6 {[%clk 01:32:27]}
{[%emt 00:00:10]} 13. Qa4 {[%clk 01:15:05]} {[%emt 00:04:10]} Bd7 {[%clk
01:31:15]} {[%emt 00:01:42]} 14. Ba3 {[%clk 01:07:54]} {[%emt 00:07:40]} Re8
{[%clk 01:31:42]} {[%emt 00:00:05]} 15. Rb7 {[%clk 01:06:59]} {[%emt 00:01:24]}
e4 {[%clk 01:31:47]} {[%emt 00:00:26]} 16. dxe4 {[%clk 01:05:42]} {[%emt
00:01:47]} Nxe4 {[%clk 01:30:21]} {[%emt 00:01:56]} 17. Nxe4 {[%clk 01:05:29]}
{[%emt 00:00:42]} dxe4 {[%clk 01:30:43]} {[%emt 00:00:08]} 18. Bd6 {[%clk
00:49:22]} {[%emt 00:16:37]} Bc8 {[%clk 01:24:25]} {[%emt 00:06:48]} 19. Bxc7
{[%clk 00:42:36]} {[%emt 00:07:16]} Qd2 {[%clk 01:23:51]} {[%emt 00:01:05]} 20.
Rxa7 {[%clk 00:41:41]} {[%emt 00:01:25]} Rxa7 {[%clk 01:23:20]} {[%emt
00:01:01]} 21. Qxa7 {[%clk 00:42:08]} {[%emt 00:00:03]} Qxe2 {[%clk 01:23:43]}
{[%emt 00:00:07]} 22. Qa4 {[%clk 00:39:26]} {[%emt 00:03:11]} Be6 {[%clk
01:21:00]} {[%emt 00:03:14]} 23. Qxc6 {[%clk 00:37:51]} {[%emt 00:02:04]} Bf7
{[%clk 01:21:27]} {[%emt 00:00:03]} 24. c5 {[%clk 00:33:51]} {[%emt 00:04:30]}
Qxa2 {[%clk 01:20:44]} {[%emt 00:01:14]} 25. Qd7 {[%clk 00:24:47]} {[%emt
00:09:33]} Qe6 {[%clk 01:14:11]} {[%emt 00:07:04]} 26. c6 {[%clk 00:22:56]}
{[%emt 00:02:21]} Bf6 {[%clk 00:52:55]} {[%emt 00:21:45]} 27. Rc1 {[%clk
00:23:05]} {[%emt 00:00:21]} Rc8 {[%clk 00:51:47]} {[%emt 00:01:38]} 28. Bf1
{[%clk 00:21:16]} {[%emt 00:02:19]} Kg7 {[%clk 00:50:55]} {[%emt 00:01:22]} 29.
Ba6 {[%clk 00:19:36]} {[%emt 00:02:10]} Re8 {[%clk 00:47:11]} {[%emt 00:04:15]}
30. Bb6 {[%clk 00:18:03]} {[%emt 00:02:03]} Qxd7 {[%clk 00:43:56]} {[%emt
00:03:45]} 31. cxd7 {[%clk 00:18:26]} {[%emt 00:00:06]} Re6 {[%clk 00:44:21]}
{[%emt 00:00:05]} 32. d8=Q {[%clk 00:06:31]} {[%emt 00:12:25]} Bxd8 {[%emt
00:00:20]} 1/2-1/2